Normal view
MARC view
Entry Topical Term
001 - CONTROL NUMBER
- control field: 44946
003 - CONTROL NUMBER IDENTIFIER
- control field: OSt
005 - DATE AND TIME OF LATEST TRANSACTION
- control field: 20180320120526.0
008 - FIXED-LENGTH DATA ELEMENTS
- fixed length control field: 180320|| aca||aabn | a|a d
040 ## - CATALOGING SOURCE
- Original cataloging agency: OSt
- Transcribing agency: OSt
600 ## -
- : Production functions (Economic theory)
670 ## - SOURCE DATA FOUND
- Source citation: Work cat.: (OSt)0: Fisher, Franklin M. 44944, Aggregation :, 1993.
